000 00815nam a22002175i 4500
001 165139
003 ES-MaACL
005 20230906213056.0
008 050808s1860 fr |||| | fre d
040 _aCAM
_bspa
_cCAM
100 1 _aSejour, Victor.
_9224146
245 1 3 _aLa tireuse de cartes
_b: drame en cinq actes et un prologue, en prose /
_cpar Victor Séjour.
250 _a2e éd.
260 _aParis :
_bMichel Lévy frères libraires-éditeurs,
_c1860 (
_fTyp. de Edouard Blot)
300 _aIII, 131 p. ;
_c21 cm.
500 _aReprésenté pour la première fois á Paris, sur le Theátre de la Porte-St-Martin le 22 décembre 1850.
700 1 _aLévy, Michel
_c, frères,
_eed.
_9188560
752 _aFrancia -
_dParís
852 _aES-MaACL
_jF-8810(4)
_z-- Enc. hol.
999 _c165139
_d165139